Foundations of Dharmakīrti's Philosophy
| Main Author: | |
|---|---|
| Format: | Print Book |
| Language: | English |
| Subito Delivery Service: | Order now. |
| Check availability: | HBZ Gateway |
| WorldCat: | WorldCat |
| Interlibrary Loan: | Interlibrary Loan for the Fachinformationsdienste (Specialized Information Services in Germany) |
| Published: |
Boston, Mass.
Wisdom Publications
2004
|
| In: | Year: 2004 |
| Edition: | 1. ed. |
| Series/Journal: | Studies in Indian and Tibetan Buddhism
|
| Standardized Subjects / Keyword chains: | B
Dharmakīrti, 7. Jh. 600-660
/ Lamaism
B Dharmakīrti, 7. Jh. 600-660 / Buddhist philosophy B Yogācāra B Dharmakīrti, 7. Jh. 600-660 / Ontology B Dharmakīrti, 7. Jh. 600-660 / Logic B Dharmakīrti, 7. Jh. 600-660 / Cognition theory |
| Further subjects: | B
Dharmakīrti, 7th cent
B Yogācāra Buddhism Early works to 1800 B Dharmakīrti B Thesis B Philosophy, Buddhist |
| Online Access: |
Table of Contents |
MARC
| LEADER | 00000cam a2200000 c 4500 | ||
|---|---|---|---|
| 001 | 471188255 | ||
| 003 | DE-627 | ||
| 005 | 20251223205250.0 | ||
| 007 | tu | ||
| 008 | 041115s2004 xxu||||| m 00| ||eng c | ||
| 010 | |a 2004015802 | ||
| 020 | |a 086171184X |c (pbk. : alk. paper) |9 0-86171-184-X | ||
| 020 | |a 9780861711840 |9 978-0-86171-184-0 | ||
| 035 | |a (DE-627)471188255 | ||
| 035 | |a (DE-576)116983116 | ||
| 035 | |a (DE-599)GBV471188255 | ||
| 035 | |a (OCoLC)254248254 | ||
| 035 | |a (OCoLC)56011295 | ||
| 040 | |a DE-627 |b ger |c DE-627 |e rakwb | ||
| 041 | |a eng | ||
| 044 | |c XD-US | ||
| 050 | 0 | |a B133.D484 | |
| 050 | 0 | |a BQ7529.D457F68 2004 | |
| 082 | 0 | |a 160.882943 |q HBZ |2 22 | |
| 082 | 0 | |a 181/.043 | |
| 084 | |a 6,25 |a 0 |2 ssgn | ||
| 084 | |a 6,24 |2 ssgn | ||
| 084 | |a 11.93 |2 bkl | ||
| 100 | 1 | |0 (DE-627)1259069745 |0 (DE-576)189069740 |4 aut |a Dunne, John D. | |
| 109 | |a Dunne, John D. |a Dunne, John Dowling | ||
| 245 | 1 | 0 | |a Foundations of Dharmakīrti's Philosophy |c John D. Dunne |
| 250 | |a 1. ed. | ||
| 264 | 1 | |a Boston, Mass. |b Wisdom Publications |c 2004 | |
| 300 | |a XIX, 467 S. | ||
| 336 | |a Text |b txt |2 rdacontent | ||
| 337 | |a ohne Hilfsmittel zu benutzen |b n |2 rdamedia | ||
| 338 | |a Band |b nc |2 rdacarrier | ||
| 490 | 0 | |a Studies in Indian and Tibetan Buddhism | |
| 500 | |a Includes bibliographical references and index | ||
| 502 | |a Zugl.: Cambridge, Mass., Harvard Univ., Diss., 1999 | ||
| 583 | 1 | |a Archivierung prüfen |c 20200919 |f DE-640 |z 1 |2 pdager | |
| 583 | 1 | |a Archivierung/Langzeitarchivierung gewährleistet |f SSG |x XA-DE-BW |2 pdager |5 DE-16-77 | |
| 600 | 1 | 0 | |a Dharmakīrti |
| 600 | 1 | 4 | |a Dharmakīrti, 7th cent |
| 601 | |a Philosophie | ||
| 650 | 0 | |a Yogācāra Buddhism |x Early works to 1800 | |
| 650 | 4 | |a Philosophy, Buddhist | |
| 655 | 7 | |a Hochschulschrift |0 (DE-588)4113937-9 |0 (DE-627)105825778 |0 (DE-576)209480580 |2 gnd-content | |
| 689 | 0 | 0 | |d p |0 (DE-588)118525077 |0 (DE-627)079326463 |0 (DE-576)160726263 |2 gnd |a Dharmakīrti |c 7. Jh. |d 600-660 |
| 689 | 0 | 1 | |d s |0 (DE-588)4034157-4 |0 (DE-627)104826347 |0 (DE-576)209005300 |2 gnd |a Tibetischer Buddhismus |
| 689 | 0 | |5 (DE-627) | |
| 689 | 1 | 0 | |d p |0 (DE-588)118525077 |0 (DE-627)079326463 |0 (DE-576)160726263 |2 gnd |a Dharmakīrti |c 7. Jh. |d 600-660 |
| 689 | 1 | 1 | |d s |0 (DE-588)4332682-1 |0 (DE-627)148052088 |0 (DE-576)211333654 |2 gnd |a Buddhistische Philosophie |
| 689 | 1 | |5 (DE-627) | |
| 689 | 2 | 0 | |d s |0 (DE-588)4292654-3 |0 (DE-627)104205172 |0 (DE-576)21089671X |2 gnd |a Yogācāra |
| 689 | 2 | |5 (DE-627) | |
| 689 | 3 | 0 | |d p |0 (DE-588)118525077 |0 (DE-627)079326463 |0 (DE-576)160726263 |2 gnd |a Dharmakīrti |c 7. Jh. |d 600-660 |
| 689 | 3 | 1 | |d s |0 (DE-588)4075660-9 |0 (DE-627)106085344 |0 (DE-576)209198907 |2 gnd |a Ontologie |
| 689 | 3 | |5 (DE-627) | |
| 689 | 4 | 0 | |d p |0 (DE-588)118525077 |0 (DE-627)079326463 |0 (DE-576)160726263 |2 gnd |a Dharmakīrti |c 7. Jh. |d 600-660 |
| 689 | 4 | 1 | |d s |0 (DE-588)4036202-4 |0 (DE-627)106243772 |0 (DE-576)209017082 |2 gnd |a Logik |
| 689 | 4 | |5 (DE-627) | |
| 689 | 5 | 0 | |d p |0 (DE-588)118525077 |0 (DE-627)079326463 |0 (DE-576)160726263 |2 gnd |a Dharmakīrti |c 7. Jh. |d 600-660 |
| 689 | 5 | 1 | |d s |0 (DE-588)4070914-0 |0 (DE-627)106099086 |0 (DE-576)209182261 |2 gnd |a Erkenntnistheorie |
| 689 | 5 | |5 (DE-627) | |
| 751 | |a Cambridge, Mass. |0 (DE-588)4009352-9 |0 (DE-627)106363174 |0 (DE-576)208882065 |4 uvp | ||
| 856 | 4 | 2 | |u https://swbplus.bsz-bw.de/bsz326784497inh.htm |m B:DE-576;DE-16 |q application/pdf |v 20101004205822 |x Verlag |3 Inhaltsverzeichnis |7 1 |
| 889 | |w (DE-576)326784497 | ||
| 889 | |w (DE-627)1604339535 | ||
| 935 | |a mteo | ||
| 935 | |i Blocktest | ||
| 935 | |i mdedup | ||
| 936 | b | k | |a 11.93 |j Buddhismus |0 (DE-627)106415336 |
| 951 | |a BO | ||
| ELC | |b 1 | ||
| LOK | |0 000 xxxxxcx a22 zn 4500 | ||
| LOK | |0 001 4426652286 | ||
| LOK | |0 003 DE-627 | ||
| LOK | |0 004 471188255 | ||
| LOK | |0 005 20231219173619 | ||
| LOK | |0 008 231205||||||||||||||||ger||||||| | ||
| LOK | |0 040 |a DE-Tue135 |c DE-627 |d DE-Tue135 | ||
| LOK | |0 092 |o n | ||
| LOK | |0 852 |a DE-Tue135 | ||
| LOK | |0 852 1 |9 00 | ||
| LOK | |0 935 |a hdsa | ||
| LOK | |0 939 |a 05-12-23 |b l01 | ||
| ORI | |a SA-MARC-ixtheoa001.raw | ||
| REL | |a 1 | ||
| STA | 0 | 0 | |a Buddhist philosophy,Buddhism,Philosophy,Cognition theory,Epistemology,Theory of knowledge,Knowledge,Lamaism,Buddhism,Tibetan Buddhism,Logic,Philosophical logic,Ontology,Ontology,Being,Yogācāra,Yogachara School,Vijñaptimātratā |
| STB | 0 | 0 | |a Bouddhisme tibétain,Logique,Ontologie,Ontologie,Philosophie bouddhiste,Yogācāra,Yogâcâra,Yogâcâra,Épistémologie,Théorie de la connaissance |
| STC | 0 | 0 | |a Budismo tibetano,Epistemología,Filosofía budista,Lógica,Ontología,Ontología,Yogacara |
| STD | 0 | 0 | |a Buddhismo tibetano,Buddismo tibetano,Buddismo tibetano,Epistemologia,Teoria epistemiologica,Teoria epistemiologica,Filosofia buddhista,Filosofia buddista,Filosofia buddista,Logica,Ontologia,Ontologia,Yogācāra,Vijnanavada,Vijnanavada |
| STE | 0 | 0 | |a 佛教哲学,存有论,本体论,存在论,瑜伽行派,唯识宗,唯识派,知识论,认识论,藏传佛教,藏语系佛教,逻辑,推理,推论 |
| STF | 0 | 0 | |a 佛教哲學,本体 (信息科学),存有論,本體論,存在論,瑜伽行派,唯識宗,唯識派,知識論,認識論,藏傳佛教,藏語系佛教,邏輯,推理,推論 |
| STG | 0 | 0 | |a Budismo tibetano,Epistemologia,Filosofia budista,Ioga,Lógica,Ontologia,Ontologia |
| STH | 0 | 0 | |a Буддисткая философия,Йогачара,Логика,Онтология (работа со знаниями),Онтология,Теория познания,Тибетский буддизм |
| STI | 0 | 0 | |a Βουδιστική φιλοσοφία,Γιογκακάρα,Yogācāra,Γνωσιολογία,Γνωσιοθεωρία,Επιστημολογία,Θιβετιανός Βουδισμός,Λογική,Οντολογία (επεξεργασία γνώσης),Οντολογία |
| SUB | |a REL | ||
| SYA | 0 | 0 | |a Dhammakitti,Dharmakīrti |
| SYG | 0 | 0 | |a Dharmakīrti,600-660,Dharmakīrti,Ācārya,600-660,Dharmakirti,600-660,Dharma-kirti,600-660,Dharma-kīrti,600-660,Darmakirti,600-660,Dharmakīrtti,600-660,Dharmakirtti,600-660,Chos-kyi-grags-pa,600-660,Chos-kyi-grags-pa,Slob-dpon,600-660,Chos-kyi-grags-pa, Slob-dpon,600-660,Fa-ch'eng-lun-shih,600-660,Fa-cheng-lun-shi,600-660,Fa-cheng-lun-shih,600-660,Slob-dpon Chos-kyi-grags-pa,600-660,Dpal-ldan Chos-kyi-grags-pa,600-660 , Lamaismus , Dharmakīrti,600-660,Dharmakīrti,Ācārya,600-660,Dharmakirti,600-660,Dharma-kirti,600-660,Dharma-kīrti,600-660,Darmakirti,600-660,Dharmakīrtti,600-660,Dharmakirtti,600-660,Chos-kyi-grags-pa,600-660,Chos-kyi-grags-pa,Slob-dpon,600-660,Chos-kyi-grags-pa, Slob-dpon,600-660,Fa-ch'eng-lun-shih,600-660,Fa-cheng-lun-shi,600-660,Fa-cheng-lun-shih,600-660,Slob-dpon Chos-kyi-grags-pa,600-660,Dpal-ldan Chos-kyi-grags-pa,600-660 , Buddhismus , Yogācāra-Schule,Jogatschara-Schule,Yogācārya,Yogāchārya,Yogāchāra,Vijñānavāda,Mind-only-School,Nur-Bewußtseinsschule,Vijñaptimātratā,Vijñaptimātra , Dharmakīrti,600-660,Dharmakīrti,Ācārya,600-660,Dharmakirti,600-660,Dharma-kirti,600-660,Dharma-kīrti,600-660,Darmakirti,600-660,Dharmakīrtti,600-660,Dharmakirtti,600-660,Chos-kyi-grags-pa,600-660,Chos-kyi-grags-pa,Slob-dpon,600-660,Chos-kyi-grags-pa, Slob-dpon,600-660,Fa-ch'eng-lun-shih,600-660,Fa-cheng-lun-shi,600-660,Fa-cheng-lun-shih,600-660,Slob-dpon Chos-kyi-grags-pa,600-660,Dpal-ldan Chos-kyi-grags-pa,600-660 , Ontology,Ontology,Seinslehre,Seinsphilosophie , Dharmakīrti,600-660,Dharmakīrti,Ācārya,600-660,Dharmakirti,600-660,Dharma-kirti,600-660,Dharma-kīrti,600-660,Darmakirti,600-660,Dharmakīrtti,600-660,Dharmakirtti,600-660,Chos-kyi-grags-pa,600-660,Chos-kyi-grags-pa,Slob-dpon,600-660,Chos-kyi-grags-pa, Slob-dpon,600-660,Fa-ch'eng-lun-shih,600-660,Fa-cheng-lun-shi,600-660,Fa-cheng-lun-shih,600-660,Slob-dpon Chos-kyi-grags-pa,600-660,Dpal-ldan Chos-kyi-grags-pa,600-660 , Philosophische Logik , Dharmakīrti,600-660,Dharmakīrti,Ācārya,600-660,Dharmakirti,600-660,Dharma-kirti,600-660,Dharma-kīrti,600-660,Darmakirti,600-660,Dharmakīrtti,600-660,Dharmakirtti,600-660,Chos-kyi-grags-pa,600-660,Chos-kyi-grags-pa,Slob-dpon,600-660,Chos-kyi-grags-pa, Slob-dpon,600-660,Fa-ch'eng-lun-shih,600-660,Fa-cheng-lun-shi,600-660,Fa-cheng-lun-shih,600-660,Slob-dpon Chos-kyi-grags-pa,600-660,Dpal-ldan Chos-kyi-grags-pa,600-660 , Epistemologie,Epistologie,Erkenntnisphilosophie,Gnoseologie,Epistemologie,Epistologie,Erkenntnislehre,Erkenntnisphilosophie,Gnoseologie |



